2941-姫路市(兵庫県)の駅 - Statistics

General Stats
  • This quiz has been taken 34 times
    4 since last reset
  • The average score is 22 of 32
Answer Stats
Answer % Correct
姫路
100%
英賀保
100%
はりま勝原
100%
網干
100%
手柄
100%
山陽姫路
100%
山陽網干
100%
飾磨
100%
ひめじ別所
75%
東姫路
75%
手柄山平和公園
75%
京口
75%
砥堀
75%
仁豊野
75%
播磨高岡
75%
余部
75%
大塩
75%
白浜の宮
75%
御着
50%
野里
50%
香呂
50%
溝口
50%
的形
50%
八家
50%
妻鹿
50%
亀山
50%
西飾磨
50%
夢前川
50%
山陽天満
50%
太市
25%
広畑
25%
平松
25%
No matching quizzes found
Score Distribution
Percent of People with Each Score
Percentile by Number Answered
Your Score History
You have not taken this quiz since the last reset